Statistics for Ultimate Diary of a Wimpy Kid Quiz Part 9 The Long Haul

Click here to take the quiz!

General Stats

  • This quiz has been taken 29 times
  • The average score is 19 of 158

Answer Stats

HintAnswer% Correct
If there's one thing I've learned from my years of being a kid, it's tha you have ____ control over your own life.Zero
93%
What unexpected event does Greg have to partake in?Road Trip
64%
What did Greg's dad once unexpectedly get one day?Boat
43%
What is the name of a a traveling magazine that Greg's mum reads?Family Frolic
43%
Who was the guest that also came along?Flat Stanley
43%
What did the pool have none of in it?Water
43%
What did he put in it?A Pizza
36%
What did Greg say for this game and the letter A?Apple
36%
What did Rodrick think was a microwave?A Safe
36%
What did Rodrick think this would give him?Bacon
36%
What word did Manny say for B?Bapple
36%
When Greg's parents talked about going to this person's place, they were bluffing. Where did they actually plan on going?Disney world
36%
What does this actually translate to?I love you
36%
What does he call the father?Mr Beardo
36%
What did Greg say to the waiter?Te Amo
36%
Did Greg manage to escape?Yes
36%
What was the prize?A Piglet
29%
What movie did Rodrick rent for a book project he was required to do?Lords of the Ring
29%
Who else speaks this language?Manny
29%
When two people came to help, what language do they speak?Spanish
29%
What is the book that Greg reads when he gets bored?Underpants Bandits
29%
When Greg opened up a pack of cheese curls, what did he give on to?A Seagull
21%
What was the quality of the place that they stayed in for the night?Bad
21%
What did the parents and teachers decide to do with these books at school?Ban them
21%
How did he become this way?Bulletin Board
21%
What did Rodrick do?Fold
21%
What should I draw on this box?I don't know... Polka dots?
21%
When they still had too much stuff, where did they decide to put the rest?In Dad's boat
21%
What did Greg's sign read?Kidnapping us
21%
What is the name of the aunt that Greg dislikes visiting?Loretta
21%
Who is the author?Mik Davies
21%
What was the name of the packs of food that Greg got for lunch?Mommy Meal
21%
During the trip, Manny falls asleep. What do they give him so he doesn't get upset?Pacifier
21%
What does Greg do as a result?Quit
21%
Who answered to doing this?Rodrick
21%
Who did they delegate to get the food?Rodrick
21%
What did Rodrick offer to Greg?The back seat
21%
Who did Greg almost run into?The Beardos
21%
What did the family forget to turn on in the car?The heater
21%
What was Greg forced to have in his room?The Pig
21%
What happened as a result?The police pulled them over
21%
One time they were in the van, Greg and Rodrick held up signs as a practical joke. What did Rodrick's sign read?These People Are
21%
What did Greg think he may become if a full moon came out?Were Pig
21%
What did he have to do with this to prevent it from cracking?Winterize
21%
What was the movie about?Wrestling
21%
What does Greg's father hate driving on?Bridges
14%
What was the first thing that the family (except Mum and Manny) ate?Deep fried butter on a stick
14%
What game did Greg and Rodrick play?Hide and Seek
14%
What type of person is she?Hoarder
14%
When the family went back on the road, some cars went through a red light. Why?It was a funeral procession
14%
What DVD did mum put on first?Learn to Speak Spanish
14%
When they accidentally locked the car, who did they use to unlock the car?Manny
14%
What policy was the family fined for?No pets
14%
When they went to this particular locker, what was in it?Nothing
14%
Where did they actually take them to?Pet Cemetary
14%
Where did they take Manny's new pet?Petting Zoo
14%
What did she allow manny to take?Plastic Potty
14%
What moved in as a result?Racoons
14%
Who takes his place?Rodrick
14%
Where does she live?Seattle
14%
Where did he initially put it?The Bathroom
14%
Who was sitting in the Heffley chairs?The Beardos
14%
Where did they take Greg to get his injury treated?The Vet
14%
What was the one thing Greg's mum thought nobody was going to answer to doing?Toilet papering a house
14%
What did he think this translated to?What is your name?
14%
What was the actual number for their locker?292
7%
How much was the fine?$50
7%
What number did Greg remember their locker being?929
7%
What was Greg sure that it ate?A bar of soap
7%
Who was in front of him?A Couple
7%
What was the first game that the family played?Alphabet Groceries
7%
What did the pet do when Greg tried to take Manny's pacifier out of it's mouth?Bite him
7%
What did Greg's dad buy to temporarily fix the sunroof?Cellophane and Duct tape
7%
When the figured this out, where did they try to take them to?Cemetary
7%
What ensued?Chaos
7%
Who did they leave behind?Dad
7%
Where did they get their food for dinner?Grocery store
7%
When the Heffleys went to a restaurant to eat, why was Rodrick denied entry?He only had one shoe
7%
What did Rodrick try to take but couldn't?His Drum Kit
7%
Where did they stay this nightHotel
7%
What was written on Greg's?I am not waring a bathing suit
7%
What was the game that Greg grabbed in order to avoid a tutoring session from his mum?I must confess
7%
What did Greg's mum store in it?Junk
7%
What sound does a duckie make?Quack Quack
7%
When Manny tried to run away, what did they buy to keep him under control?Retractable Leash
7%
When Greg tried to go to sleep on the previous night, there was an awful smell. What was making the smell?Rodrick's socks
7%
What does Greg envision Rodrick doing to him if he was flat?Shredding him
7%
Where did Greg want to go the next day?Soak Central
7%
Who is Greg's mum's cousin in which she sent a copy of this to?Stacey
7%
What did Greg's dad do that caused a truck driver to honk his horn?Swerve
7%
According to Greg's mum, what does 'Tengo Hambre' mean?Tango Hamburgers
7%
What did Greg's mum tell the family to take?The Bare essentials
7%
Where did they go because of Greg's mum?The Beach
7%
When they got back to the motel they stayed in the first night, who was there?The Beardos
7%
What part of the vehicle did stuff come flying out of?The Boat
7%
What did he take with him?The Pig
7%
What happened to Sweetie as a result?They got their stomach pumped
7%
What did Greg's family's dog, Sweetie once supposedly eaten?Whoopie Pies
7%
What was it made out of?Wood
7%
Where was their next destination once they got back onto the road?130th Annual Country Fair
0%
What number did they give?243.1
0%
How much money could the family find after scrounging through the car?$3.50
0%
What time did Greg wake up?6:00am
0%
After a while, a bang went off. What was it?A Cinnamon role
0%
Which one did he go to?A Gas station bathroom
0%
What did they run over when they were stopping?A Glass Bottle
0%
Who did Greg's dad need to take a call from?An International Partner
0%
Where did they park?At a grocery store
0%
What did this cause?A Traffic Jam
0%
How long did it take to get the new pet house trained?A week
0%
Why?Because it was full of junk
0%
What ensued?Chaos
0%
During this call, what did Rodrick start doing?Chewing Gun
0%
What did Greg do next?Confront them
0%
What were some kids doing outside when Greg was trying to sleep?Crashing a cleaning cart
0%
When they took an exit, what type of road were they driving on?Dirt
0%
What call did Greg's dad have to take?Emergency work call
0%
What did this do?Enter the car
0%
What does he try to do instead?Get the pig back
0%
What did it do next?go ballistic
0%
What is Greg?Gullible
0%
Why?He drank two big glasses of lemonade
0%
What happens if you wake Manny from a sleep?He goes ballistic
0%
What happened when it rained?It gave way
0%
What was the name of the Mexican restaurant that the family went to?Juan's
0%
What was the next thing they saw?Lifesize carvings of the US presidents made of Butter
0%
What was the thing that was wrapped in tinfoil that he had to eat fruit to unwrap?Maths flash cards
0%
Who did he do this to?Mrs Tuttle
0%
What was the rule that they used?No swiming underwater
0%
What did she do next?Open the sunroof
0%
In the cartoon there is a book. Two choices must be made. Which choice does Greg make?Pat the kitten
0%
What competition did Mum and Manny win?Pig Weighing
0%
What did they use to enforce this rule?Place mat
0%
What did the kid behind Greg do?poke the woman
0%
What did they do to their room?Ransack it
0%
What did Rodrick do?Rear end a car
0%
What did they family do?Run
0%
What did Greg's mum offer Greg after an hour?Seat Switch
0%
What did Mum do initially to stop him doing this?Snapping her fingers
0%
Where did they now go?Soak Central
0%
When he won, what did they do?Take his shoe
0%
What did Greg and Rodrick have to do?Take turns eating
0%
What happened next?The Beardos came back
0%
What happened because of this?The Engine stopped
0%
Who confronted him as a result?The Father
0%
What was the contest that Greg and Rodrick entered into?The Foulest Footwear Contest
0%
What did they lose?Their locker key
0%
What did this raid overnight?The Minibars
0%
Who did Greg see in a van in front of him?The mischievous children
0%
Where did Greg really need to go to?The Toilet
0%
What did this cause?The tyre to go flat
0%
Where did Manny try to escape?Through the bathroom
0%
Where did they go next?To get the pig back
0%
Why?To look for evidence
0%
Why?To send to the national competition
0%
When Greg wrote a letter to the author, he got a response a year later. What book did the author tell him to buy and read?Underpants Bandits and Lincolns Longjohns
0%
Where did Greg go after that?Waterslide
0%
What was the first sight that the family saw today?World's Largest Popcorn
0%

Score Distribution

Percentile by Number Answered

Percent of People with Each Score

Your Score History

You have not taken this quiz